000 00613nam a22001937a 4500
008 160921b xxu||||| |||| 00| 0 eng d
020 _a0023894822
020 _a9780023894824
050 _aBF 318
_b.O76 1995
100 _aOrmrod, Jeanne Ellis
245 _aHuman learning/
_cJeanne Ellis Ormrod.
250 _a2nd.ed.
260 _aNew Jersey (Englewood Cliffs) :
_bPrentice-Hall ;
_cc1995.
300 _axvi, 543p. :
_bill. ;
_c24cm.
500 _aIncludes index.
650 _aLearning, psychology of.
650 _aBehaviorism (psychology).
942 _2lcc
_cBOOKS
_hBF 318 .O76 1995
_06
999 _c13959
_d13959